Matemáticas previas al cálculo / (Registro nro. 6782)
[ vista simple ]
| 000 -LEADER | |
|---|---|
| fixed length control field | 01358cam a2200349 i 4500 |
| 005 - DATE AND TIME OF LATEST TRANSACTION | |
| control field | 20250329170352.0 |
| 007 - PHYSICAL DESCRIPTION FIXED FIELD--GENERAL INFORMATION | |
| fixed length control field | ta |
| 008 - FIXED-LENGTH DATA ELEMENTS--GENERAL INFORMATION | |
| fixed length control field | 221129s2022 ck d gr 000 0dspa |
| 015 ## - NATIONAL BIBLIOGRAPHY NUMBER | |
| National bibliography number | ck-2022-xxxx |
| 020 ## - INTERNATIONAL STANDARD BOOK NUMBER | |
| International Standard Book Number | 978-959-5439-46-7 |
| 020 ## - INTERNATIONAL STANDARD BOOK NUMBER | |
| International Standard Book Number | 978-958-5439-46-7 |
| Qualifying information | (corregido) |
| 040 ## - CATALOGING SOURCE | |
| Original cataloging agency | CO-CtgCURN |
| Language of cataloging | spa |
| Transcribing agency | coctgcurn |
| 041 0# - LANGUAGE CODE | |
| Language code of text/sound track or separate title | spa |
| 082 04 - DEWEY DECIMAL CLASSIFICATION NUMBER | |
| Classification number | 515 |
| Item number | C266 |
| Edition information | 23 |
| 100 1# - MAIN ENTRY--PERSONAL NAME | |
| Personal name | Cárdenas Guerra, Juan, |
| Relator term | autor. |
| 245 10 - TITLE STATEMENT | |
| Title | Matemáticas previas al cálculo / |
| Statement of responsibility, etc. | autores, Juan Cárdenas Guerra, Germán Buelvas Medina. |
| 250 ## - EDITION STATEMENT | |
| Edition statement | Primera edición. |
| 260 #1 - PUBLICATION, DISTRIBUTION, ETC. | |
| Place of publication, distribution, etc. | Cartagena : : |
| Name of publisher, distributor, etc. | Universidad de Cartagena,, |
| Date of publication, distribution, etc. | 2022. |
| 300 ## - PHYSICAL DESCRIPTION | |
| Extent | 313 páginas : |
| Other physical details | diagramas en blanco y negro ; |
| Dimensions | 28 cm. |
| 336 ## - CONTENT TYPE | |
| Content type term | Texto |
| Content type code | txt |
| Source | rdacontent |
| 337 ## - MEDIA TYPE | |
| Media type term | Sin mediación |
| Media type code | n |
| Source | rdamedia |
| 338 ## - CARRIER TYPE | |
| Carrier type term | Volumen |
| Carrier type code | nc |
| Source | rdacarrier |
| 490 0# - SERIES STATEMENT | |
| Series statement | Nayib Abdala Ripoll |
| 500 ## - GENERAL NOTE | |
| General note | Incluye datos curriculares de los autores. |
| 504 ## - BIBLIOGRAPHY, ETC. NOTE | |
| Bibliography, etc. note | Bibliografía: página 313. |
| 596 ## - | |
| -- | 7 |
| 650 14 - SUBJECT ADDED ENTRY--TOPICAL TERM | |
| Topical term or geographic name entry element | Ecuaciones diferenciales |
| General subdivision | Enseñanza |
| Form subdivision | Problemas, ejercicios, etc. |
| 650 24 - SUBJECT ADDED ENTRY--TOPICAL TERM | |
| Topical term or geographic name entry element | Cálculo numérico |
| General subdivision | Enseñanza |
| Form subdivision | Problemas, ejercicios, etc. |
| 650 24 - SUBJECT ADDED ENTRY--TOPICAL TERM | |
| Topical term or geographic name entry element | Análisis funcional |
| General subdivision | Enseñanza |
| Form subdivision | Problemas, ejercicios, etc. |
| 700 1# - ADDED ENTRY--PERSONAL NAME | |
| Personal name | Buelvas Medina, Germán, |
| Relator term | autor. |
| 990 ## - EQUIVALENCES OR CROSS-REFERENCES [LOCAL, CANADA] | |
| Link information for 9XX fields | 2022-9968 |
| Link information for field corresponding to 9XX field | Universidad de Cartagena |
| -- | 2 ejemplares |
| -- | 21 |
| -- | 29/11/2022 |
| -- | a1103107 |
| -- | 28/11/2022 |
| -- | 21/10/2022 |
| Withdrawn status | Lost status | Source of classification or shelving scheme | Damaged status | Not for loan | Home library | Current library | Shelving location | Date acquired | Inventory number | Total checkouts | Full call number | Barcode | Date last seen | Copy number | Price effective from | Koha item type | Public note |
|---|---|---|---|---|---|---|---|---|---|---|---|---|---|---|---|---|---|
| Dewey Decimal Classification | Miguel Henríquez Castañeda | Miguel Henríquez Castañeda | General | 03/29/2025 | 024964 | 515 C266 | 024964 | 03/29/2025 | ej.1 | 03/29/2025 | Cartagena | 510-MATEMA |